Statistics for Roanoke–Blacksburg Regional Airport Destinations (Roanoke, VA, USA)

Click here to take the quiz!

General Stats

  • This quiz has been taken 16 times
  • The average score is 6 of 9

Answer Stats

AirlineDestination% Correct
United ExpressChicago (O'Hare)
90%
Delta Air Lines/Delta ConnectionAtlanta
80%
American EagleCharlotte
80%
United ExpressWashington (Dulles)
80%
Allegiant AirOrlando/Sanford
70%
American EaglePhiladelphia
70%
American Eagle/Delta ConnectionNew York (LaGuardia)
50%
Allegiant AirNashville
20%
Allegiant AirSt. Petersburg/Clearwater
20%

Score Distribution

Percentile by Number Answered

Percent of People with Each Score

Your Score History

You have not taken this quiz